Loading...
| Science - Physics | 0 | 12 | 1 | 4 | 115 | 42 | 103.33 | 2 | 5 |
| Science - Other Science | 0 | 11 | 1 | 0 | 105 | 53 | 85.00 | 2 | 8 |
| Science - Biology | 0 | 9 | 3 | 1 | 75 | 35 | 82.89 | 4 | 5 |
| Science - Chemistry | 0 | 9 | 4 | 2 | 70 | 45 | 89.56 | 1 | 6 |
| Social Science | 0 | 6 | 1 | 2 | 55 | 22 | 108.00 | 1 | 2 |
| Philosophy | 0 | 2 | 0 | 0 | 20 | 87 | 100.50 | 0 | 0 |
| Geography | 0 | 1 | 0 | 0 | 10 | 86 | 86.00 | 0 | 1 |
| Fine Arts - Classical Music | 0 | 1 | 0 | 0 | 10 | 89 | 89.00 | 0 | 1 |
| Literature - British Literature | 0 | 1 | 0 | 0 | 10 | 113 | 113.00 | 0 | 1 |
| Current Events | 0 | 1 | 0 | 0 | 10 | 113 | 113.00 | 0 | 0 |
| History - American History | 0 | 1 | 0 | 0 | 10 | 128 | 128.00 | 0 | 0 |
| Religion | 0 | 0 | 1 | 0 | -5 | 0.00 | 0 | 0 | |
| History - Other History | 0 | 0 | 2 | 0 | -10 | 0.00 | 0 | 0 | |
| Other Academic | 0 | 0 | 2 | 0 | -10 | 0.00 | 0 | 0 |